Online Catalogue and eLibrary

The new century (Record no. 2604)

MARC details
000 -LEADER
fixed length control field 00385nam a2200169Ia 4500
005 - DATE AND TIME OF LATEST TRANSACTION
control field 20240402011608.0
008 - FIXED-LENGTH DATA ELEMENTS--GENERAL INFORMATION
fixed length control field 240331s9999 xx 000 0 und d
020 ## - INTERNATIONAL STANDARD BOOK NUMBER
ISBN 0316854298
082 ## - DDC Classification
Item Number - Author Mark HOB
Class No. 330
100 ## - MAIN ENTRY--PERSONAL NAME
Personal name Hobsbawm, Eric
245 #4 - TITLE STATEMENT
Title The new century
250 ## - EDITION STATEMENT
Edition statement 1 st.
260 ## - PUBLICATION, DISTRIBUTION, ETC.
Place of publication, distribution, etc. London :
Name of publisher, distributor, etc. New press /
Date of publication, distribution, etc. 2000.
300 ## - PHYSICAL DESCRIPTION
Extent (e.g. Volumes, Pages etc.) 176 p.,
650 ## - SUBJECT ADDED ENTRY--TOPICAL TERM
Topical term or geographic name entry element History.
942 ## - Koha item type (Biblio)
Koha item type Books in Stacks (Lending)
Holdings
Lost status Damaged status Collection code Home library Current library Shelving location Date acquired Full call number Accession Number Item type
    Lending WERC Library WERC Library Social Science Cupboard 03/31/2024 330 HOB 4228 Books in Stacks (Lending)

© WERC Library